[Event "38th Hoogovens it"]
[Site "Wijk aan Zee NED"]
[Date "1976.01.16"]
[Round "1"]
[White "Dvoretsky, Mark"]
[Black "Ljubojevic, Ljubomir"]
[Result "0-1"]
[WhiteElo "2540"]
[BlackElo "2620"]
[EventDate "1976.01.16"]
[PlyCount "70"]

1. e4 c5 2. Nf3 d6 3. Bb5+ Nd7 4. d4 Ngf6 5. Nc3 a6 6. Bxd7+ Nxd7 7. Bg5 h6 8. Bh4 g5 9. Bg3 Bg7 10. O-O g4 11. Nh4 cxd4 12. Nf5 dxc3 13. Nxg7+ Kf8 14. Nf5 cxb2 15. Rb1 Nf6 16. Bh4 Bxf5 17. exf5 Qb6 18. Re1 Rc8 19. Re3 Qb5 20. Bxf6 exf6 21. Rb3 Qxf5 22. R1xb2 b5 23. h3 h5 24. Rb4 d5 25. hxg4 hxg4 26. Qxg4 Rxc2 27. Rxc2 Qxc2 28. Rd4 f5 29. Qf3 Qxa2 30. Rxd5 Qa1+ 31. Rd1 Qe5 32. g3 Kg7 33. Qa3 Rh6 34. Qc1 Qe4 35. Qg5+ Kh7 0-1